000 00333 a2200157 4500
001 182807
020 _a
040 _cMagnum
100 _aMalba Tahan
240 1 0 _aMil histórias sem fim - v.1
_lpor
245 1 0 _aMil histórias sem fim - v.1
300 _a215
362 0 _a1963
697 _aLITERATURA GERAL
942 _cBK
999 _c182807
_d182807